| 000 | 01109nam0a2200301 4500 | ||
|---|---|---|---|
| 001 | RU\NLR\bibl\511345 | ||
| 005 | 20250609142709.0 | ||
| 010 | _a5-80323-111-8 | ||
| 035 | _a(NLR Aleph) 000503843 | ||
| 090 |
_a1190390 _c1190390 |
||
| 100 | _a20040414d1998 |||y0rusy50 ca | ||
| 101 | 1 |
_arus _ceng |
|
| 102 | _aRU | ||
| 105 | _aa ||||||||| | ||
| 200 | 1 |
_aЛекции о тэта-функциях _fД. Мамфорд _gПер. с англ. Д.Ю. Манина _gПод ред. Ю.И. Манина |
|
| 210 |
_aНовокузнецк _cНовокузнецкий физ.-мат. ин-т _d1998 |
||
| 215 |
_a442 с. _cил. _d20 |
||
| 225 | 1 | _aШедевры мировой физико-математической литературы | |
| 320 | _aБиблиогр.: с. 370 (19 назв.), 435 (28 назв.) | ||
| 320 | _aУказ.: с. 436-440 | ||
| 606 | 0 |
_aТэта-функции _91843267 _3RU\NLR\auth\661126143 |
|
| 686 | _aВ161.632 | ||
| 700 | 1 |
_aМамфорд _bД. _4070 |
|
| 801 | 0 |
_aRU _bNLR _c20040414 _gPSBO |
|
| 801 | 1 |
_aRU _bNLR _c20040414 |
|
| 942 | _cBOOK | ||
| 980 | _aNB | ||